[Event "TUR-chT Clubs"]
[Site "Konya"]
[Date "2019.07.19"]
[Round "6.23"]
[White "Ozgen, Tolga"]
[Black "Agurlu, Fatih Selami"]
[Result "1/2-1/2"]
[WhiteElo "1649"]
[BlackElo "1592"]
[PlyCount "64"]
[EventDate "2019.07.16"]
[EventType "team-swiss"]
[EventRounds "9"]
[EventCountry "TUR"]
[SourceTitle "CBM 191 Extra"]
[Source "ChessBase"]
[SourceDate "2019.09.30"]
[SourceVersion "1"]
[SourceVersionDate "2019.09.30"]
[SourceQuality "1"]
[WhiteTeam "Avanos Genclik"]
[BlackTeam "Tokat Ozgem Grup"]
[WhiteTeamCountry "TUR"]
[BlackTeamCountry "TUR"]

1. Nf3 Nf6 2. b3 e6 3. Bb2 Be7 4. e3 b6 5. Be2 Bb7 6. d4 d6 7. Nbd2 Nbd7 8. 0-0 Rc8 9. c4 c5 10. dxc5 Nxc5 11. b4 Ncd7 12. a4 0-0 13. a5 e5 14. a6 Bc6 15. Qb3 Qc7 16. Rac1 Ba8 17. Rfd1 Rfd8 18. Ne1 Nb8 19. Qa4 Bc6 20. Qa2 Qd7 21. b5 Ba8 22. Ba3 Qf5 23. f3 Qg5 24. Nf1 Ne8 25. Nd3 Nd7 26. Nb4 Nef6 27. Nd5 Bf8 28. e4 Nc5 29. Nxf6+ Qxf6 30. Bxc5 dxc5 31. Ne3 g6 32. Nd5 Qe6 1/2-1/2

[Event "TUR-chT Clubs"]
[Site "Konya"]
[Date "2019.07.18"]
[Round "4.12"]
[White "Taskiran, Recep"]
[Black "Agurlu, Fatih Selami"]
[Result "1/2-1/2"]
[WhiteElo "1898"]
[BlackElo "1592"]
[PlyCount "175"]
[EventDate "2019.07.16"]
[EventType "team-swiss"]
[EventRounds "9"]
[EventCountry "TUR"]
[SourceTitle "CBM 191 Extra"]
[Source "ChessBase"]
[SourceDate "2019.09.30"]
[SourceVersion "1"]
[SourceVersionDate "2019.09.30"]
[SourceQuality "1"]
[WhiteTeam "Artvin Il Ozel"]
[BlackTeam "Tokat Ozgem Grup"]
[WhiteTeamCountry "TUR"]
[BlackTeamCountry "TUR"]

1. e4 e5 2. Nf3 Nc6 3. Bc4 Nf6 4. d3 h6 5. c3 d6 6. 0-0 Na5 7. Bb5+ Bd7 8. Bxd7+ Qxd7 9. Re1 Be7 10. d4 Nc6 11. Nbd2 Nh7 12. Nc4 b5 13. Ne3 g6 14. a4 b4 15. d5 Nd8 16. cxb4 f5 17. Nd2 Nf6 18. f3 f4 19. Nec4 g5 20. Ra3 h5 21. Rc3 g4 22. b3 Nf7 23. Qc2 Bd8 24. Na5 Ng5 25. Nc6 Rg8 26. Kh1 h4 27. fxg4 Qxg4 28. Rg1 Nh5 29. Qd1 Ng3+ 30. hxg3 Nh3 31. Qf3 hxg3 32. Re1 Qh4 33. gxh3 Qxh3+ 34. Kg1 Qh2+ 35. Kf1 g2+ 36. Ke2 Rg3 37. Qf2 g1Q 38. Rxg1 Qxg1 39. Rxg3 Qxg3 40. Qxg3 fxg3 41. Nxd8 Kxd8 42. Kf3 Rb8 43. b5 a6 44. bxa6 Rb6 45. a7 Ra6 46. Kxg3 Rxa7 47. Kf3 Kc8 48. Ke3 Kb7 49. Kd3 Ra8 50. Nc4 Rg8 51. b4 Rg1 52. Na5+ Ka6 53. Bd2 Ra1 54. b5+ Kb6 55. Nc4+ Kc5 56. Nb2 Ra3+ 57. Bc3 Ra1 58. Kd2 Rh1 59. Kc2 Rh4 60. Kd3 Rh3+ 61. Kd2 Rh4 62. Kd3 Rh3+ 63. Kc2 Rh4 64. Kb3 Rxe4 65. Nd3+ Kb6 66. Be1 Rg4 67. Bf2+ Ka5 68. Nb2 Rb4+ 69. Ka3 Rf4 70. Be3 Re4 71. Bd2+ Kb6 72. Bb4 Rd4 73. Kb3 Rxd5 74. Nc4+ Ka7 75. Bd2 Rd3+ 76. Kb4 d5 77. Be3+ d4 78. Bg5 e4 79. Ne5 Rg3 80. Bf4 Rc3 81. Nc6+ Rxc6 82. bxc6 Kb6 83. Kc4 Kxc6 84. Kxd4 Kb6 85. Bd2 Kb7 86. Kc5 c6 87. a5 Ka8 88. Kb6 1/2-1/2

[Event "TUR-chT Clubs"]
[Site "Konya"]
[Date "2019.07.17"]
[Round "2.22"]
[White "Ergene, Mertcan"]
[Black "Agurlu, Fatih Selami"]
[Result "0-1"]
[WhiteElo "1647"]
[BlackElo "1592"]
[PlyCount "62"]
[EventDate "2019.07.16"]
[EventType "team-swiss"]
[EventRounds "9"]
[EventCountry "TUR"]
[SourceTitle "CBM 191 Extra"]
[Source "ChessBase"]
[SourceDate "2019.09.30"]
[SourceVersion "1"]
[SourceVersionDate "2019.09.30"]
[SourceQuality "1"]
[WhiteTeam "Karaman Duru Bulgur"]
[BlackTeam "Tokat Ozgem Grup"]
[WhiteTeamCountry "TUR"]
[BlackTeamCountry "TUR"]

1. d4 d5 2. Nf3 Nf6 3. Bg5 Ne4 4. Bf4 Bf5 5. e3 e6 6. c4 g5 7. Bg3 Nc6 8. c5 a6 9. Nc3 h5 10. h3 Bg7 11. Nxe4 dxe4 12. Nd2 Nxd4 13. exd4 Qxd4 14. Bxc7 e3 15. fxe3 Qxe3+ 16. Be2 Bxb2 17. Rf1 Bd3 18. Rb1 Bc3 19. Rb3 Bxe2 20. Qxe2 Bxd2+ 21. Kd1 Qxc5 22. Qxd2 Qxc7 23. Qxg5 Rd8+ 24. Ke1 Qc2 25. Qxd8+ Kxd8 26. Rxf7 b5 27. Rg3 Qe4+ 28. Kf1 Kc8 29. Rgf3 e5 30. Kg1 Rg8 31. Kh2 Rg6 0-1

[Event "Kemer Turkey Cup"]
[Site "Kemer"]
[Date "2014.02.03"]
[Round "4"]
[White "Gover, Rasit"]
[Black "Agurlu, Fatih Selami"]
[Result "1-0"]
[WhiteElo "1803"]
[BlackElo "1643"]
[PlyCount "55"]
[EventDate "2014.02.01"]
[EventType "swiss"]
[EventRounds "9"]
[EventCountry "TUR"]
[SourceTitle "CBM 158 Extra"]
[Source "ChessBase"]
[SourceDate "2014.02.28"]
[SourceVersion "1"]
[SourceVersionDate "2014.02.28"]
[SourceQuality "1"]

1. e4 e5 2. Nc3 Bc5 3. Bc4 Nf6 4. d3 h6 5. Nge2 d6 6. 0-0 Nc6 7. b3 a6 8. Kh1 Ng4 9. Ng1 0-0 10. Nh3 Nf6 11. Ng1 Nd4 12. Nd5 Ng4 13. f3 Nf6 14. c3 Ne6 15. Ne2 c6 16. Nxf6+ Qxf6 17. f4 Qe7 18. d4 Ba7 19. f5 Ng5 20. Bxg5 Qxg5 21. Rf3 d5 22. Rg3 Qd8 23. Qd2 Kh8 24. Rf1 dxc4 25. f6 g5 26. Rxg5 Rg8 27. Rxg8+ Qxg8 28. Qxh6+ 1-0

[Event "Kemer Turkey Cup"]
[Site "Kemer"]
[Date "2014.02.02"]
[Round "2"]
[White "Dinler, Oral"]
[Black "Agurlu, Fatih Selami"]
[Result "0-1"]
[WhiteElo "1822"]
[BlackElo "1643"]
[PlyCount "111"]
[EventDate "2014.02.01"]
[EventType "swiss"]
[EventRounds "9"]
[EventCountry "TUR"]
[SourceTitle "CBM 158 Extra"]
[Source "ChessBase"]
[SourceDate "2014.02.28"]
[SourceVersion "1"]
[SourceVersionDate "2014.02.28"]
[SourceQuality "1"]

1. d4 d5 2. c4 e6 3. Nc3 Nf6 4. Bg5 Nbd7 5. cxd5 exd5 6. e3 Be7 7. Nf3 0-0 8. Bd3 c5 9. dxc5 Nxc5 10. 0-0 Bg4 11. Be2 Be6 12. Rc1 Rc8 13. Nd4 Qb6 14. b3 h6 15. Bf4 a6 16. Qc2 Bd6 17. Bxd6 Qxd6 18. Qb2 Ng4 19. f4 Nxe3 20. Rf3 Nf5 21. Qd2 Nh4 22. Rff1 Ne4 23. Qe3 Rxc3 24. Rxc3 Nxc3 25. Qxc3 Rc8 26. Qd3 Bd7 27. g3 Ng6 28. Rd1 Qc5 29. Qf3 Ne7 30. Kf1 Bh3+ 31. Ke1 Qb4+ 32. Kf2 Rc3 33. Rd3 Rc1 34. g4 Qe1+ 35. Ke3 Qg1+ 36. Qf2 Bxg4 37. Bxg4 Qxg4 38. Rd2 Nf5+ 39. Kd3 Qh3+ 40. Qf3 Qxf3+ 41. Nxf3 Kf8 42. Nd4 Nxd4 43. Kxd4 Rc7 44. Ke5 Ke7 45. h4 g6 46. Rxd5 f6+ 47. Ke4 Rd7 48. Rc5 Ke6 49. Rc8 g5 50. hxg5 fxg5 51. Rg8 Kf6 52. Rc8 Rf7 53. Rg8 Rg7 54. Rxg7 Kxg7 55. Kf5 gxf4 56. Kxf4 0-1